[Event "GER-chT U14 Girls"]
[Site "Stuttgart"]
[Date "2007.12.27"]
[Round "2.4"]
[White "Bachem, Lisa"]
[Black "Hofmann, Annegret"]
[Result "0-1"]
[WhiteElo "992"]
[BlackElo "1031"]
[PlyCount "74"]
[EventDate "2007.12.27"]
[EventType "team-swiss"]
[EventRounds "7"]
[EventCountry "GER"]
[SourceTitle "EXT 2009"]
[Source "ChessBase"]
[SourceDate "2008.11.26"]
[SourceVersion "1"]
[SourceVersionDate "2008.11.26"]
[SourceQuality "1"]
[WhiteTeam "Fritzdorf Gruen Weiss U14 Girls"]
[BlackTeam "Chemnitz USG U14 Girls"]
[WhiteTeamCountry "GER"]
[BlackTeamCountry "GER"]

1. e4 e5 2. Nf3 Nc6 3. Bc4 Bc5 4. Nc3 Nf6 5. d3 h6 6. Qe2 d6 7. h3 Bd7 8. Bd2 Ne7 9. a3 c6 10. Be3 Bb6 11. d4 Ng6 12. Qd3 0-0 13. 0-0 Be6 14. d5 Bd7 15. Rae1 Qc7 16. b4 c5 17. bxc5 Bxc5 18. a4 Qa5 19. Ra1 Bxe3 20. fxe3 Qc5 21. Bb3 Nf4 22. Qd2 Rac8 23. Ne2 Nxe4 24. Qe1 Qxe3+ 25. Kh1 Nxe2 26. Kh2 Qf4+ 27. g3 N2xg3 28. Rg1 Ne2+ 29. Kg2 Nxg1 30. Qxg1 Qg3+ 31. Kf1 Bxh3+ 32. Ke2 Nc3+ 33. Ke3 Qf4+ 34. Kf2 Ne4+ 35. Ke2 Bg4 36. Qg2 Rc3 37. Qf1 Qd2# 0-1